Marlowe doctor faustus (Record no. 8150)

MARC details
000 -LEADER
fixed length control field 00442cam a2200193ua 4500
001 - CONTROL NUMBER
control field 9067
005 - DATE AND TIME OF LATEST TRANSACTION
control field 20260515114425.0
008 - FIXED-LENGTH DATA ELEMENTS--GENERAL INFORMATION
fixed length control field 150220n ii |||gr||||Z||||||eng
040 ## - CATALOGING SOURCE
Transcribing agency MAIN
041 ## - LANGUAGE CODE
Language code of text/sound track or separate title eng
082 ## - DEWEY DECIMAL CLASSIFICATION NUMBER
Classification number 822
100 ## - MAIN ENTRY--PERSONAL NAME
Personal name Lall, R.,
Relator term Editor.,
245 1# - TITLE STATEMENT
Title Marlowe doctor faustus
Statement of responsibility, etc. Edited by Ramji Lall
250 ## - EDITION STATEMENT
Edition statement 21th.
260 ## - PUBLICATION, DISTRIBUTION, ETC.
Place of publication, distribution, etc. New delhi:
Name of publisher, distributor, etc. Rama,
Date of publication, distribution, etc. 1996.
300 ## - PHYSICAL DESCRIPTION
Extent 282p.
653 ## - INDEX TERM--UNCONTROLLED
Uncontrolled term English drama
942 ## - ADDED ENTRY ELEMENTS (KOHA)
Koha item type Books
Holdings
Withdrawn status Lost status Damaged status Not for loan Home library Current library Shelving location Date acquired Total checkouts Full call number Barcode Date last seen Copy number Price effective from Koha item type
        Naharkatiya College Library Naharkatiya College Library General stacks 09/19/2020   822 | MAR 4552 09/19/2020 1 09/19/2020 Books